000 00331nam a2200133Ia 4500
008 191201s2011 xx 000 0 und d
100 _aGROOVER,Mikell P
245 0 _aCAD/CAM computer- aided design and manufactur...
250 _a9th IMP
260 _c2011
_bpearson
_aN. delhi
300 _a511
650 _aME
942 _2ddc
_cBB
999 _c7526
_d7526